Statistics for Countries Closest to Algeria - 30 Second Sprint

Click here to take the quiz!

General Stats

  • This quiz has been taken 38 times
  • The average score is 11 of 20

Answer Stats

kmcountrymiles% Correct
0Morocco0
100%
0Libya0
90%
68Spain43
87%
0Tunisia0
87%
0Mali0
77%
0Mauritania0
77%
214Italy133
73%
494France307
67%
0Niger0
67%
521Portugal324
67%
312Chad194
63%
500Malta311
53%
739Monaco459
33%
601Nigeria374
30%
642Vatican City399
30%
637Andorra396
27%
838San Marino521
23%
0Western Sahara0
13%
613Burkina Faso381
10%
733Benin456
0%

Score Distribution

Percentile by Number Answered

Percent of People with Each Score

Your Score History

You have not taken this quiz